000 00823 a2200217 4500
020 _a0750627670
020 _a9780750627672
082 0 4 _a532
090 _c244
_d244
100 1 _aLandau, L D.
245 1 0 _aFluid mechanics, second edition :
_b.
_nVolume 6 /
_cL D Landau, E.M. Lifshitz.
250 _a2nd ed.
260 _a[S.l.] :
_bButterworth-Heinemann,
_c1959.
300 _a552 p. ;
_c25 cm.
490 1 _aCourse of theoretical physics.
700 1 _aLifshitz, E.M.
830 0 _aCourse of theoretical physics.
942 _aSNS
_cBK
_k620.106 LAN
999 _c28879
_d28879